| 000 | 010170000a22002050004500 | ||
|---|---|---|---|
| 020 | _a0-8028-0171-4 | ||
| 082 | 0 | 4 | _aG 261.85 K41c |
| 100 | 1 | _aKlay, Robin Kendrick | |
| 245 | 1 | 0 | _aCounting The Cost : The Economics Of Christian Stewardship / Robin Kendrick Klay |
| 260 | _aGrand Rapids, Michigan : William B. Eerdmans Publishing | ||
| 300 | _a187 Páginas | ||
| 501 | _aRústico | ||
| 505 | 0 | 0 | _aLa Fe Cristiana Y Conocimientos Económicos - La Escasez: El Problema Económico Fundamental - Respuestas Sociales Al Problema De La Escasez - La Pobreza En Los Estados Unidos - La Pobreza De Las Naciones - Proteger Recursos De Aire Y Agua - El Uso De La Tierra - La Política Comercial - El Papel Difícil Del Gobierno En La Economía - El Costo De Los Gastos Militares En Los Estados Unidos |
| 650 | 1 | 4 | _aEconomía y Cristianismo \ Iglesia - Asuntos Económicos |
| 001 | 19182 | ||
| 942 | _cBK | ||
| 999 |
_c45553 _d45553 |
||
| 336 |
_atexto _btxt _2rdacontent |
||
| 337 |
_2rdamedia _asin mediación _bn |
||
| 338 |
_2rdacarrier _avolumen _bnc |
||